000 01007cam a2200289 a 4500
001 1507912
003 NUST - PNEC
005 20170116181124.0
008 890517s1990 ne a b 001 0 eng
010 _a 89012074
020 _a0444874275
040 _aDLC
_cLIBRARY
_dDLC
050 0 0 _aTS227
_b.W4154 1990
082 0 0 _a671.52 OLS
_220
100 _913626
_aOlson, David L.
245 0 0 _aWelding :
_btheory and practice /
_cedited by David L. Olson, Ray Dixon, Alan L. Liby.
260 _aAmsterdam ;
_aNew York :
_bNorth-Holland ;
_aNew York, NY, USA :
_bSole distributors for the USA and Canada, Elsevier Science Pub. Co.,
_cc.1990
300 _axii, 389 p. :
_bill. ;
_c23 cm.
440 0 _aMaterials processing, theory and practices ;
_vv. 8
504 _aIncludes bibliographies and indexes.
650 0 _aWelding.
700 1 _aOlson, D. L.
_q(David LeRoy)
700 1 _aDixon, Ray.
700 1 _aLiby, Alan L.
906 _a7
_bcbc
_corignew
_d1
_eocip
_f19
_gy-gencatlg
942 _2ddc
_cBK
999 _c69690
_d69690